Регионална библиотека "Любен Каравелов" - Русе

След върха на славата (Запис номер 93701)

MARC детайли
000 -Лидер
Контролно поле с фиксирана дължина 01635nam a2200433 c 4500
003 - Код на организацията, давaща контролен номер
Контролно поле BLK
005 - Дата и час на последна редакция
Контролно поле 20250423132711.0
008 - Елементи от данни с фиксирана дължина
fixed length control field 180408b bul|||||r ||||||| ||bul||
010 ## - Наследен системен номер
LC control number KNG00098509000
040 ## - Източник на каталожния запис
Идентификатор на билиотеката - собственик на записа BLK
041 ## - Код за език
Код за езика на текст/звукозапис или на отделно заглавие Български
Код за езика КДБФ Български
072 #7 - Код за тематичната категория
Код организация bullib
Код за тематична категория К
Текст Краезнание
072 #7 - Код за тематичната категория
Код организация bullib
Код за тематична категория Н79
Текст Спорт Н
072 #7 - Код за тематичната категория
Код организация bullib
Код за тематична категория РА
Текст Русенски автори
080 ## - УДК
Текстов определител УДК Спорт. Спортни игри. Физическа култура. Вж и 613;615.82;685.6/.7; 723.8; 793.3; 794
УДК код - определител по УДК 796
УДК определител (497.215)(091)(0:82-9)
УДК - код + определител 796(497.215)(091)(0:82-9)
080 ## - УДК
Текстов определител УДК Българска литература
УДК код - определител по УДК 821.163.2
УДК определител -94
УДК - код + определител 821.163.2-94
100 ## - Редна дума - Автор
Автор Недков, Александър Георгиев
Дати, свързани с автора 1946-
R(LIN) 304267
139 ## - Редно поле
Редна дума Недков, Александър Георгиев
Авторски знак Недк - Н 45
245 10 - Сведения за заглавието
Заглавие След върха на славата
Редно поле (дума) Александър Георгиев Недков.
257 ## - Страна на издаване
Страна на създаване/издаване България
260 ## - Област на издателските данни
Име на издателя, разпространителя и проч. Авангард принт
Година на издаване 2010
300 ## - Физическа характеристика
Страници 190 с.
Илюстрации и др. със сн.
Размери/Мащаб 20 см
380 ## - Жанр
Жанр 793/799 Спорт
650 #4 - Допълнително описание по предмет – тема
Основно описание – тема или топоним Спортисти, български - Русе
9 (RLIN) 265945
650 #4 - Допълнително описание по предмет – тема
Основно описание – тема или топоним Русе - спорт и физическа култура
9 (RLIN) 284446
653 ## - Ключова дума – ненормативна
Ключова дума спорт
653 ## - Ключова дума – ненормативна
Ключова дума русенски спортисти
653 ## - Ключова дума – ненормативна
Ключова дума спомени
659 ## - Тематичен бюлетин
Тематичен бюлетин К
659 ## - Тематичен бюлетин
Тематичен бюлетин Н
852 ## - Местоположение
Форматна сигнатура Цб 250171
852 ## - Местоположение
Форматна сигнатура К 796/799/Н 45
856 4# - Електронен адрес и достъп
Електронен формат pdf - файл
856 4# - Електронен адрес и достъп
Електронен формат pdf - файл
999 ## - СИСТЕМНИ КОНТРОЛНИ НОМЕРА
Koha biblionumber 93701
Koha biblioitemnumber 93701
942 ## - АРТИКУЛИ
Вид на библиотечния материал Книги
Скрит в OPAC Не
Koha issues (borrowed), all copies 8
Периодичен библиозапис Да
944 ## - СЪЗДАВАНЕ И РЕДАКЦИЯ на ЗАПИСА
Създаване/Редакция Създаване
Дата на регистрацията/редакция 03.12.2010
Статус, дата на статуса Силвия Димитрова
Служител, извършил регистрацията/редакцията 30538
944 ## - СЪЗДАВАНЕ И РЕДАКЦИЯ на ЗАПИСА
Създаване/Редакция Редакция
Дата на регистрацията/редакция 21.01.2014
Статус, дата на статуса ф /
999 ## - СИСТЕМНИ КОНТРОЛНИ НОМЕРА
Koha biblioitemnumber 93701
Наличности
Код за отписване Код за изгубен артикул Код за повреда Коз за рестрикции Код за отдаване Артикулен № Име на библиотеката - собственик Име на библиотеката, в която се намира в момента Статус (Текущо местоположение) Дата на вписване в системата Местоположение - отдел Цена в лева Инвентарен номер Систематично азбучна сигнатура Баркод Номер на екземпляра Цена в евро Служебна бележка Служебен тип на артикула Източник на класификационната схема Номерация (Хронология)
  Не е изгубен Не е повреден без рестрикции заемане за дома 150458 Регионална библиотека "Любен Каравелов" Русе Регионална библиотека "Любен Каравелов" Русе Заемна - подръчен фонд 2010-12-03 Заемна - подръчен фонд 10.00 120000747865 П 796/799/Н 45 120000747865 1 5.11 Дост: DA Вид: А N: 22 Дата: 02.12.2010 Дата инв: 08.02.2018 Бележки инв: П2018 Книги    
  Не е изгубен Не е повреден без рестрикции заемане за дома 150459 Регионална библиотека "Любен Каравелов" Русе Регионална библиотека "Любен Каравелов" Русе Заемна - подръчен фонд 2010-12-03 Заемна - подръчен фонд 10.00 120000747866 П 796/799/Н 45 120000747866 2 5.11 Дост: DA Вид: А N: 22 Дата: 02.12.2010 Дата инв: 08.02.2018 Бележки инв: П2018 Книги    
  Не е изгубен Не е повреден без рестрикции ползва се в читалня 150460 Регионална библиотека "Любен Каравелов" Русе Регионална библиотека "Любен Каравелов" Русе Краезнание 2010-12-03 Краезнание 10.00 120000747867 К 796/799/Н 45 120000747867 3 5.11 Дост: DA Вид: А N: 22 Дата: 02.12.2010 Дата инв: 06.11.2017 Бележки инв: К2017 Книги Universal Decimal Classification Автограф: Александър Недков
  Не е изгубен Не е повреден без рестрикции ползва се в читалня 150461 Регионална библиотека "Любен Каравелов" Русе Регионална библиотека "Любен Каравелов" Русе Хранилище 2014-01-17 Основен фонд - ползва се само за читалня 10.00 120000773370 Цб 250171 120000773370 4 5.11 Дост: DA Вид: А N: 2 Дата: 17.01.2014 Книги    
  Не е изгубен Не е повреден   ползва се в читалня 732954 Регионална библиотека "Любен Каравелов" Русе Регионална библиотека "Любен Каравелов" Русе Хранилище 2019-08-23 Хранилище 9.00   Цб 296496 120000835730   4.60   Книги Universal Decimal Classification  
Vip Innovations Ltd, Rousse, Bulgaria 2025